Masescena : (Record no. 196115)

MARC details
000 -LEADER
campo de control de longitud fija 01508nas a2200469 i 4500
001 - NÚMERO DE CONTROL
campo de control 196115
003 - IDENTIFICADOR DE NÚMERO DE CONTROL
campo de control ES-MaACL
005 - FECHA Y HORA DE LA ÚLTIMA TRANSACCIÓN
campo de control 20250824012602.0
006 - CÓDIGOS DE INFORMACIÓN DE LONGITUD FIJA--CARACTERÍSTICAS DEL MATERIAL ADICIONAL
campo de control de longitud fija m g d |
007 - CAMPO FIJO DE DESCRIPCIÓN FÍSICA--INFORMACIÓN GENERAL
campo de control de longitud fija cr*|||||||||||
008 - DATOS DE LONGITUD FIJA--INFORMACIÓN GENERAL
campo de control de longitud fija 240813c20189999sp ar pso 0 b0spa
010 ## - NÚMERO DE CONTROL DE LA BIBLIOTECA DEL CONGRESO
Número de control de LC n
Número de control de NUCMC 0
022 0# - NÚMERO INTERNACIONAL NORMALIZADO PARA PUBLICACIONES SERIADAS
Número Internacional Normalizado para Publicaciones Seriadas 2990-3629
Fuente _u
035 ## - NÚMERO DE CONTROL DEL SISTEMA
Número de control de sistema (SpMaBN)a7316147
035 ## - NÚMERO DE CONTROL DEL SISTEMA
Número de control de sistema 991050283199708606
040 ## - FUENTE DE CATALOGACIÓN
Centro catalogador/agencia de origen SpMaBN
Lengua de catalogación spa
Centro/agencia transcriptor SpMaBN
Normas de descripción rdc
080 ## - NÚMERO DE LA CLASIFICACIÓN DECIMAL UNIVERSAL
Número de la Clasificación Decimal Universal 792
080 ## - NÚMERO DE LA CLASIFICACIÓN DECIMAL UNIVERSAL
Número de la Clasificación Decimal Universal 792.8
130 0# - ENTRADA PRINCIPAL--TÍTULO UNIFORME
Título uniforme Masescena (Sonseca. Internet)
9 (RLIN) 238333
222 #0 - TÍTULO CLAVE
Título clave Masescena
Información calificativa Internet
245 10 - MENCIÓN DEL TÍTULO
Título Masescena :
Resto del título teatro, danza, circo : anuario
246 ## - FORMA VARIANTE DEL TITULO
Título propio/Titulo breve Mas escena
260 ## - PUBLICACIÓN, DISTRIBUCIÓN, ETC.
Lugar de publicación, distribución, etc. Sonseca, Toledo :
Nombre del editor, distribuidor, etc. Asociación Torre Tolanca,
Fecha de publicación, distribución, etc. 2019-
310 ## - PERIODICIDAD ACTUAL
Periodicidad actual trimestral
Fecha de comienzo de la periodicidad actual jun. 2023-
321 ## - PERIODICIDAD ANTERIOR
Periodicidad anterior Anual
Fechas de la periodicidad anterior 2018-2021
336 ## - TIPO DE CONTENIDO
Término de tipo de contenido Texto (visual)
Fuente isbdcontent
337 ## - TIPO DE MEDIO
Nombre/término del tipo de medio electrónico
Fuente isbdmedia
338 ## - TIPO DE SOPORTE
Fuente rdacarrier
Nombre/término del tipo de soporte volumen
362 0# - FECHAS DE PUBLICACIÓN Y/O DESIGNACIÓN SECUENCIAL
Fecha de publicación y/o designación secuencial 2018-
500 ## - NOTA GENERAL
Nota general Última consulta, 13 de agosto de 2024.
594 ## - Nota al título y mención de responsabilidad
Nota al título y mención de responsabilidad Título tomado de la cubierta del pdf (consultado el 13 de agosto de 2024)
650 #7 - PUNTO DE ACCESO ADICIONAL DE MATERIA--TÉRMINO DE MATERIA
Término de materia o nombre geográfico como elemento de entrada Teatro
Fuente del encabezamiento o término embne
9 (RLIN) 17290
650 #7 - PUNTO DE ACCESO ADICIONAL DE MATERIA--TÉRMINO DE MATERIA
Término de materia o nombre geográfico como elemento de entrada Danza
9 (RLIN) 135869
655 #0 - TERMINO DE INDIZACIÓN--GENERO/FORMA
Datos o término principal de género/forma Páginas Web
9 (RLIN) 226719
655 #0 - TERMINO DE INDIZACIÓN--GENERO/FORMA
Datos o término principal de género/forma Revistas electrónicas
9 (RLIN) 226718
710 ## - ENTRADA AGREGADA--NOMBRE DE ENTIDAD CORPORATIVA
Nombre de entidad corporativa o nombre de jurisdicción como elemento de entrada Asociación Torre Tolanca
9 (RLIN) 238322
776 08 - ENTRADA DE FORMULARIO FÍSICO ADICIONAL
Información de relación Versión en impresa
Título Masescena =
Número Internacional Normalizado para Publicaciones Seriadas ISSN 2990-3610
biblionumber 196113
Número de control del registro 196113
856 40 - LOCALIZACIÓN Y ACCESO ELECTRÓNICOS
Identificador Uniforme de Recursos <a href="https://www.masescena.es/">https://www.masescena.es/</a>
Texto de enlace Acceso electrónico
942 ## - ELEMENTOS DE ENTRADA SECUNDARIOS (KOHA)
Fuente del sistema de clasificación o colocación Clasificación decimal universal
Suprimir en OPAC No
Tipo de ítem Koha Revista electrónica
955 ## - CATALOGADOR - EDICIÓN
Nombre de catalogador Pilar Fernández Vera

No items available.